Statistics for Europe Map Quiz - In Swedish

Click here to take the quiz!

General Stats

  • This quiz has been taken 94 times
  • The average score is 32 of 45

Answers on the Map

Answers color-coded by a green-red scale on the quiz's map according to % correct below.
 

Answer Stats

Answer% Correct
Danmark
86%
Finland
86%
Spanien
86%
Frankrike
85%
Irland
85%
Island
85%
Italien
85%
Portugal
85%
Grekland
82%
Norge
82%
Ryssland
82%
Estland
80%
Storbrittanien
80%
Sverige
80%
Nederländerna
77%
Österrike
77%
Belgien
76%
Polen
76%
Schweiz
76%
Tjeckien
74%
Tyskland
74%
Lettland
73%
Ukraina
73%
Luxemburg
68%
Slovakien
68%
Moldovien
67%
Rumänien
67%
Albanien
65%
Bulgarien
65%
Andorra
64%
Kosovo
64%
Kroatien
64%
Littauen
64%
Serbien
64%
Bosnien och
Hercegovina
61%
Liechtenstein
59%
Monaco
59%
Nordmakedonien
59%
Vatikanstaten
59%
Vitryssland
59%
Malta
56%
San Marino
55%
Ungern
55%
Montenegro
53%
Slovenien
52%

Score Distribution

Percentile by Number Answered

Percent of People with Each Score

Your Score History

You have not taken this quiz